000 00985nam a22002297a 4500
005 20251001111326.0
008 251001b |||||||| |||| 00| 0 eng d
037 _cTB
040 _aCRL
_cCRL
041 _2hin
_ahin
084 _aV2y7N50 152R4
_qCRL
100 _aशर्मा, गिरीश म.
_9847083
245 _aस्वर्ण दिन : कुछ भावनात्मक संस्करण
260 _aगुजरात, भारत;
_bगिरीश म. शर्मा,
_c2024.
300 _a142पृ.
365 _b300.00
650 _aइतिहास
_9847084
650 _aभारत इतिहास
_9847085
700 _aशर्मा, कुसुम गिरीश
_eअनुवादक
_9847086
942 _2CC
_cTB
_hV2y7N50 152R4
_n0
999 _c1464388
_d1464388